| 000 | 004560000a22001810004500 | ||
|---|---|---|---|
| 003 | MACL | ||
| 005 | 20160105115841.0 | ||
| 008 | 160105b xxu||||| |||| 00| 0 eng d | ||
| 040 |
_aMACL _cMACL |
||
| 041 | _aEnglish | ||
| 082 | _a823.4/SHO | ||
| 100 |
_aSholokhov, M _927774 |
||
| 245 | _aAt The Bidding of The Heart | ||
| 260 |
_bProgress Publishers _c1973 _aMoscow |
||
| 350 | _a5 | ||
| 650 |
_aEnglish Literature _927775 |
||
| 942 |
_cBK _k823.4/SHO _2ddc |
||
| 999 |
_c35907 _d35907 |
||